বিদ্রোহী কৈবর্ত / (Record no. 38467)
[ view plain ]
| 000 -LEADER | |
|---|---|
| fixed length control field | 00774nam a2200217 a 4500 |
| 001 - CONTROL NUMBER | |
| control field | 38467 |
| 003 - CONTROL NUMBER IDENTIFIER | |
| rucl marc code | BD-RjUL |
| 005 - DATE AND TIME OF LATEST TRANSACTION | |
| control field | 20211209052813.0 |
| 008 - FIXED-LENGTH DATA ELEMENTS--GENERAL INFORMATION | |
| fixed length control field | 151212s1969 bg ||||| |||| 00| 0 ben d |
| 035 ## - SYSTEM CONTROL NUMBER | |
| System control number | (BD-RjUL)38572 |
| 040 ## - CATALOGING SOURCE | |
| Original cataloging agency | BD-RjUL |
| Language of cataloging | ben |
| Transcribing agency | BD-RjUL |
| 041 ## - LANGUAGE CODE | |
| Language code of text/sound track or separate title | ben |
| 082 ## - DEWEY DECIMAL CLASSIFICATION NUMBER | |
| Classification number | 891.443 |
| Author mark and year | SEB 1969 |
| 100 ## - MAIN ENTRY--PERSONAL NAME | |
| Personal name | সেন, সত্যেন |
| 9 (RLIN) | 118777 |
| 245 ## - TITLE STATEMENT | |
| Title | বিদ্রোহী কৈবর্ত / |
| Statement of responsibility, etc. | সত্যেন সেন |
| 260 ## - PUBLICATION, DISTRIBUTION, ETC. (IMPRINT) | |
| Place of publication, distribution, etc. | ঢাকা : |
| Name of publisher, distributor, etc. | খান ব্রাদার্স এণ্ড কোং, |
| Date of publication, distribution, etc. | ১৯৬৯. |
| 300 ## - PHYSICAL DESCRIPTION | |
| Pagination | ২৭৪ পৃ. ; |
| Size | ২১ সেমি. |
| 650 ## - SUBJECT ADDED ENTRY--TOPICAL TERM | |
| Topical term or geographic name as entry element | বাংলা সাহিত্য |
| Form subdivision | উপন্যাস |
| 9 (RLIN) | 116625 |
| Topical term or geographic name as entry element | Bengali Literature |
| Form subdivision | Novel |
| 9 (RLIN) | 116586 |
| 942 ## - ADDED ENTRY ELEMENTS (KOHA) | |
| Source of classification or shelving scheme | Dewey Decimal Classification |
| Koha item type | Books |
| Lost status | Source of classification or shelving scheme | Damaged status | Not for loan | Collection code | Permanent Location | Current Location | Shelving location | Date acquired | Source of acquisition | Cost, normal purchase price | Total Checkouts | Full call number | Date last seen | Copy number | Koha item type | Date checked out | Total Renewals |
|---|---|---|---|---|---|---|---|---|---|---|---|---|---|---|---|---|---|
| Dewey Decimal Classification | Not For Loan | Fiction | Central Library, University of Rajshahi | Central Library, University of Rajshahi | Reading Room | 11/09/1973 | নওরোজ কিতাবিস্তান | 6.50 | B 891.443 SEB 1969 | 12/12/2015 | C-1 | Books | |||||
| Dewey Decimal Classification | Fiction | Central Library, University of Rajshahi | Central Library, University of Rajshahi | 11/09/1973 | নওরোজ কিতাবিস্তান | 6.50 | 1 | B 891.443 SEB 1969 | 29/01/2017 | C-2 | Books | 23/10/2016 | |||||
| Dewey Decimal Classification | Fiction | Central Library, University of Rajshahi | Central Library, University of Rajshahi | 23/06/1970 | N/A | 6.50 | 4 | B 891.443 SEB 1969 | 18/10/2022 | C-3 | Books | 12/10/2022 | |||||
| Dewey Decimal Classification | Non-fiction | Central Library, University of Rajshahi | Central Library, University of Rajshahi | 24/08/1970 | Nowrj kittabitan, Dhaka | 6.50 | 12 | B 891.443 SEB 1969 | 19/09/2023 | C-4 | Books | 10/08/2023 | 2 |